Árkádikus álom és kulturális emlékezet

Bibliographic Details
Main Author: Csehy, Zoltán, 1973- (Author)
Other Authors: Szabó, Július, 1907-1972 (Illustrator)
Format: Article
Language:Hungarian
PhysicalDescription:Obr.
ISSN:1336-5088
Subjects:

MARC

LEADER 00000nab a2200000 ar4500
001 vtls009082277
003 SK-MaSNL
005 20260319071308.0
008 070724c2007 xo |||||||b| |000 b|hun
015 |a SNBRB2007/07  |2 snkbucl 
038 |a SNKBUCL 
040 |a DSZK  |b slo  |c DSZK  |e AACR2 
041 0 |a hun 
044 |a xo  |c SK 
080 |a 82.033:821.14`02-1  |2 1997 
080 |a 821.14`02-1.033  |2 1997 
100 1 |a Csehy, Zoltán,  |d 1973-  |4 aut  |9 86541 
245 1 0 |a Árkádikus álom és kulturális emlékezet  |c Csehy Zoltán ; illusztrálta Szabó Gyula 
300 |b Obr. 
504 |a Bibliogr. odkazy 
600 0 7 |a Vergilius,  |d 70 pred. Kr.-19 pred Kr  |2 snkbucl  |9 7607 
655 7 |a interpretácie  |2 snkbucl  |9 424030 
700 1 |a Szabó, Július,  |d 1907-1972  |4 ill 
773 0 |t Irodalmi szemle  |g Évf. L, sz. 6 (2007), o. 63-72  |x 1336-5088 
852 |a SNK  |b KIS3GCP 
852 |a DSZK  |b KIS3GCP 
958 |a HU 
958 |a NB 
958 |a LX 
999 |c 1752442  |d 1754372